000 00293nam a22001337a 4500
008 170127b xxu||||| |||| 00| 0 eng d
020 _a9780781750202
041 _aeng
080 _26TH
_a61
100 _a3
101 _aSHM
245 _aMANUAL OF NEPHROLOGY
_cSCHRIER, R.W
942 _2udc
_cBK
999 _c3868
_d3868